Geography Quiz

Random Geography or City Quiz

Ontario Cities Quiz Stats

 Plays Quiz not verified by Sporcle

Challenge
Share
Tweet
Embed
Score 0/20 Timer 06:00
0 Plays Today
Population City Name % Correct
2,503,281Toronto
99.2%
812,129Ottawa
95%
504,559Hamilton
87.8%
352,395London
86.3%
668,549Mississauga
82.8%
216,473Windsor
80.5%
204,668Kitchener
73.7%
117,207Kingston
69.5%
141,590Oshawa
67.9%
157,857Sudbury
64.1%
Population City Name % Correct
128,430Barrie
63.4%
433,806Brampton
63%
114,943Guelph
53.8%
164,415Burlington
50.8%
165,613Oakville
49.6%
131,989St. Catharines
46.9%
238,866Vaughan
44.7%
261,573Markham
43.1%
162,704Richmond Hill
38.5%
120,371Cambridge
31.3%

You're not logged in!

Compare scores with friends on all Sporcle quizzes.
Join for Free
OR
Log In

You Might Also Like...

Show Comments

Extras

Top Quizzes Today


Score Distribution

Your Account Isn't Verified!

In order to create a playlist on Sporcle, you need to verify the email address you used during registration. Go to your Sporcle Settings to finish the process.

Report this User

Report this user for behavior that violates our Community Guidelines.

Details: